00932nas a2200229Ia 4500001001100000003000900011008004100020040001300061040001300074041001300087100004400100210001900144222001900163245007900182250001100261260005100272501008600323300002000409362002600429500020900455650003800664R951/D2304IT-RoPAU151124c99999999xx |||||||||||| ||und|| aIT-RoPAU cIT-RoPAU aFRANCESE aJounel PierregCodice Aut. SPICS: 23207 aECCLESIA ORANS aEcclesia Orans aECCLESIA ORANS, ANNO 02-N.02 (1985)bCulte De Saint Gregoire Le Grand (Le) a1a ed. aROMAbBENEDICTINA EDIZ. ABBAZIA S.PAOLOc1985 bPaulus - SPICS - Società San Paolo EM (non-commercial uses only)cCopyright2015 a15 p. [195-209] aANNO 002, N.02 (1985) aCulto di San Gregorio Magno. Culto di S. Gregorio a Roma e in Vaticano. Diffusione del Culto di San Gregorio. Testimoni Liturgici del Culto di San Gregorio. Culto di San Gregorio nella Liturgia Rinnovata. aLITURGIAvPUBBLICAZIONE PERIODICA